01090cam a2200325 a 450000100090000000300040000900500170001300800410003001000170007102000150008804000180010304200090012105000260013010000190015624500490017525000170022426000490024130000300029052100070032052600090032765000300033665000250036665000250039165000220041665000260043865000220046485601060048685600910059285600810068313893371OSt20140310184236.0050309r20052004maua c 000 1 eng  a 2005045787 a0545001862 aDLCcDLCdDLC alcac00aPZ 7 b.C4383Cla 20071 aChild, Lauren.10aClarice Bean spells trouble /cLauren Child. a1st U.S. ed. aCambridge, Mass. :bCandlewick Press,c2007. a188 p. :bill. ;c20 cm. aG9 c1040 1aConduct of lifevFiction. 1aFriendshipvFiction. 1aAuthorshipvFiction. 1aSchoolsvFiction. 1aFamily lifevFiction. 1aHumorous stories.423Contributor biographical informationuhttp://www.loc.gov/catdir/enhancements/fy0664/2005045787-b.html423Publisher descriptionuhttp://www.loc.gov/catdir/enhancements/fy0664/2005045787-d.html413Sample textuhttp://www.loc.gov/catdir/enhancements/fy0664/2005045787-s.html